000 00392nam a2200157Ia 4500
008 151213s9999 xx 000 0 und d
100 _aDavid Nunan
245 _aDigging Tasks for the Communicative C.
_cDavid Nunan
250 _a1st
260 _aU.K
_bCambridge
_c1998
300 _a4220 p.
650 _aEnglish
650 _aEnglish Language
700 _aDavid Nunan
999 _c2644
_d2644